La participación de activistas refugiados en el Líbano en actividades de socorro/
Gespeichert in:
| 1. Verfasser: | |
|---|---|
| Format: | Buch |
| Sprache: | Spanish |
| Tags: |
Tag hinzufügen
Keine Tags, Fügen Sie den ersten Tag hinzu!
|
MARC
| LEADER | 00000nam a22000007a 4500 | ||
|---|---|---|---|
| 003 | cru CIDCACS/IIS | ||
| 005 | 20180118062532.0 | ||
| 007 | ta | ||
| 008 | 180112s2014 sp |||p|r||||||0| ||spa d | ||
| 999 | |c 40816 |d 40816 | ||
| 040 | |c cru CIDCACS/IIS | ||
| 100 | 1 | |9 6381 |a Topham Smallwood, Frances | |
| 245 | 1 | 3 | |a La participación de activistas refugiados en el Líbano en actividades de socorro/ |c Frances Topham Smallwood |
| 300 | |a páginas 21-22 | ||
| 773 | 0 | |0 19267 |9 1738 |a Centro de Estudios sobre Refugiados |d Universidad de Oxford ; Centro de Estudios sobre Refugiados |o 18230 |t Migraciones Forzadas: |x 14609819 | |
| 942 | |2 ddc |c PP | ||
